| 000 | 00403nam a2200169Ia 4500 | ||
|---|---|---|---|
| 008 | 210210b1918 xxu||||| |||| 00| 0 eng d | ||
| 041 | _aeng | ||
| 082 | _a942/102 | ||
| 100 | _aHAVEN (Milford) | ||
| 245 | _aRoyal navy, 1815-1915 | ||
| 260 |
_aLondon _bAt the University Press _c1918 |
||
| 650 | _aRoyal | ||
| 650 | _anavy, | ||
| 650 | _a1815-1915 | ||
| 690 | _aEuropean History | ||
| 906 | _a025510 | ||
| 999 |
_c151389 _d151389 |
||